Online katalóg knižníc regiónu Turca

Epigramy / (Record no. 21329)

MARC details
000 -LEADER
fixed length control field 00853nam a2200289 4500
001 - CONTROL NUMBER
control field 21329
003 - CONTROL NUMBER IDENTIFIER
control field CZ PrNK
005 - DATE AND TIME OF LATEST TRANSACTION
control field 20260227115119.0
007 - PHYSICAL DESCRIPTION FIXED FIELD--GENERAL INFORMATION
fixed length control field ta
008 - FIXED-LENGTH DATA ELEMENTS--GENERAL INFORMATION
fixed length control field 930104s1985 xo a 000 0 slo
020 ## - INTERNATIONAL STANDARD BOOK NUMBER
Qualifying information (Váz.)
040 ## - CATALOGING SOURCE
Original cataloging agency ABA001
Language of cataloging cze
Modifying agency ABA001
041 1# - LANGUAGE CODE
Language code of text/sound track or separate title slo
Language code of original und
080 ## - UNIVERSAL DECIMAL CLASSIFICATION NUMBER
Universal Decimal Classification number 885.4-193(081)=854
Edition identifier undef
100 1# - MAIN ENTRY--PERSONAL NAME
Personal name Bajza, Jozef Ignác,
Dates associated with a name 1755-1836
Relationship aut
245 10 - TITLE STATEMENT
Title Epigramy /
Statement of responsibility, etc. Josef Ignác Bajza ; vybral, preložil a predslov napísal Marián Heveši
250 ## - EDITION STATEMENT
Edition statement 1. vyd.
260 ## - PUBLICATION, DISTRIBUTION, ETC.
Place of publication, distribution, etc. Bratislava :
Name of publisher, distributor, etc. Tatran,
Date of publication, distribution, etc. 1985
300 ## - PHYSICAL DESCRIPTION
Extent 148 s. :
Other physical details il. ;
Dimensions 24 cm
490 1# - SERIES STATEMENT
Series statement Hviezdoslavova knižnica ;
Volume/sequential designation zv. 290
700 1# - ADDED ENTRY--PERSONAL NAME
Personal name Tkáčiková, Eva
Relationship aui
700 1# - ADDED ENTRY--PERSONAL NAME
Personal name Zimka, Ondrej,
Dates associated with a name 1937-
Relationship ill
700 1# - ADDED ENTRY--PERSONAL NAME
Personal name Heveši, Marián,
Dates associated with a name 1947-
Relationship com
830 #0 - SERIES ADDED ENTRY--UNIFORM TITLE
Uniform title Hviezdoslavova knižnica
910 ## - USER-OPTION DATA (OCLC)
User-option data ABA001
942 ## - ADDED ENTRY ELEMENTS (KOHA)
Source of classification or shelving scheme Dewey Decimal Classification
Koha item type Krásna literatúra pre dospelých
Suppress in OPAC No
Holdings
Stav vyradenia Strata Poškodenie Spôsob nadobudnutia Domovská knižnica Aktuálna knižnica Dátum nadobudnutia Total checkouts Čiarový kód exemplára Date last seen Typ exemplára
      Dar Obecná knižnica Horná Štubňa Obecná knižnica Horná Štubňa 27.02.2026   4736201503 27.02.2026 Krásna literatúra pre dospelých
Projekt je podporený Slovenskou asociáciou knižníc
Prevádzkuje Turčianska knižnica Martin 2026